Beneficios y costos de la integración Centroamericana/
El problema de los beneficios de la integración desde el punto institucional e histórico en América Central. Contempla aspectos relativos a la teoría de la integración económica entre países subdesarrollados, para comprender el proceso de integración del área centroamericana y establecer las relacio...
Spremljeno u:
| Glavni autor: | |
|---|---|
| Daljnji autori: | |
| Format: | Tekst |
| Izdano: |
Guatemala:
SIECA
|
| Teme: | |
| Oznake: |
Dodaj oznaku
Bez oznaka, Budi prvi tko označuje ovaj zapis!
|
MARC
| LEADER | 00000 a a2200000 04500 | ||
|---|---|---|---|
| 001 | 19568 | ||
| 003 | |||
| 040 | |||
| 090 | |a 077702 | ||
| 100 | 1 | |a Cline, William R. | |
| 245 | |a Beneficios y costos de la integración Centroamericana/ |c Cline, William R. | ||
| 260 | |a Guatemala: |b SIECA | ||
| 300 | |a v. 1 | ||
| 520 | |a El problema de los beneficios de la integración desde el punto institucional e histórico en América Central. Contempla aspectos relativos a la teoría de la integración económica entre países subdesarrollados, para comprender el proceso de integración del área centroamericana y establecer las relaciones que conforman las fases de la integración. Analiza la evolución histórica del concepto de desarrollo equilibrando en las etapas de formación y desenvolvimiento del mercado común centroamericano y se hace un intento de medición del menor desarrollo relativo de los países del área y de los beneficios sociales netos de la integración económica. /ALLV | ||
| 650 | |a MCCA | ||
| 650 | |a INTEGRACION ECONOMICA | ||
| 700 | |a Delgado, Enrique | ||
| 999 | |c 16078 |d 16078 | ||
